El Atlántico (Record no. 124565)

MARC details
000 -LEADER
campo de control de longitud fija 00698nam a2200217 i 4500
001 - NÚMERO DE CONTROL
campo de control 124565
003 - IDENTIFICADOR DE NÚMERO DE CONTROL
campo de control ES-MaACL
005 - FECHA Y HORA DE LA ÚLTIMA TRANSACCIÓN
campo de control 20250813062628.0
007 - CAMPO FIJO DE DESCRIPCIÓN FÍSICA--INFORMACIÓN GENERAL
campo de control de longitud fija t|
008 - DATOS DE LONGITUD FIJA--INFORMACIÓN GENERAL
campo de control de longitud fija 070330s1942 sp ||||1| spa d
100 1# - ENTRADA PRINCIPAL--NOMBRE DE PERSONA
Nombre de persona Siewert, Wulf.
9 (RLIN) 106295
245 10 - MENCIÓN DEL TÍTULO
Título El Atlántico
Resto del título : geopolítica de un océano /
Mención de responsabilidad, etc. Wulf Siewert ; traducción del alemán por Francisco Payarols.
260 ## - PUBLICACIÓN, DISTRIBUCIÓN, ETC.
Lugar de publicación, distribución, etc. Barcelona :
Nombre del editor, distribuidor, etc. Labor,
Fecha de publicación, distribución, etc. [1942]
300 ## - DESCRIPCIÓN FÍSICA
Extensión 188 p., map. ;
Dimensiones 17 cm.
490 1# - MENCIÓN DE SERIE
Mención de serie Colección Labor ;
Designación de volumen o secuencia 407
650 #4 - PUNTO DE ACCESO ADICIONAL DE MATERIA--TÉRMINO DE MATERIA
Término de materia o nombre geográfico como elemento de entrada Atlántico-
Subdivisión general Geografía política.
9 (RLIN) 186621
700 1# - ENTRADA AGREGADA--NOMBRE PERSONAL
Nombre de persona Payorols, Francisco.
9 (RLIN) 89736
830 00 - PUNTO DE ACCESO ADICIONAL DE SERIE-TÍTULO UNIFORME
Título uniforme Colección Labor
Designación de volumen o secuencia 407
9 (RLIN) 184254
852 ## - LOCALIZACIÓN
Ubicación ES-MaACL
Número de control de estantería E-2871
Holdings
Estatus retirado Estado de pérdida Estado de daño No para préstamo Biblioteca de origen Biblioteca actual Ubicación en estantería Fecha de adquisición Fuente de adquisición Total de préstamos Signatura topográfica completa Código de barras Visto por última vez Precio de reemplazo Tipo de ítem Koha
        Biblioteca del Ateneo de Madrid Biblioteca del Ateneo de Madrid Depósito 2 17/01/2008     E-2871 1129780 23/02/2023 23/02/2023 Libro impreso